000 01286nam a22003617a 4500
003 CHAP
005 20220329135205.0
008 971013s1973 r 00010 d
010 _a32368
011 _a33340
035 _a37455
040 _cCHAP
082 _a519.5
_bM38Y
100 0 0 _aMason, Robert D.
_972793
245 _aEstadística comercial y económica
260 _aBuenos Aires :
_bAteneo,
_c1973
300 _a212 p.
_b; gráfs
490 _aSerie enseñanza programada El Ateneo
590 _aBATCH-UPD
_b10
_c20130110
_lUCH01
_h0158
590 _aBATCH-UPD
_b10
_c20130110
_lUCH01
_h2105
590 _aBATCH-UPD
_b10
_c20130409
_lUCH01
_h2203
590 _aBATCH-UPD
_b10
_c20130410
_lUCH01
_h1417
590 _aBATCH-UPD
_b10
_c20130914
_lUCH01
_h1323
590 _aCONVERSION
_b10
_c20130109
_lUCH01
_h1318
650 1 4 _aEstadística.
_938241
830 0 _aSerie enseñanza programada El Ateneo
_9104845
901 _aBK
942 _cLIBRO
949 _a519.5 M38Y
_bBC
_cLIBRO
_d33724000388211
_eLIBRO
_h40912
_i37455
_mD
_si
949 _a519.5 M38Y
_bBC
_cLIBRO
_d33724000388229
_eLIBRO
_fc.3
_h40914
_i37455
_mD
_si
949 _a519.5 M38Y
_bBC
_cLIBRO
_d33724000388336
_eLIBRO
_fc.2
_h40913
_i37455
_si
949 _a519.5 M38Y
_bBC
_cLIBRO
_d33724000609301
_eLIBRO
_fc.4
_h70322
_i37455
_si
999 _c32368
_d32368